Normal view
MARC view
- Rhou, Yinyoung.
Entry Personal Name
001 - CONTROL NUMBER
- control field: 56984
003 - CONTROL NUMBER IDENTIFIER
- control field: OSt
005 - DATE AND TIME OF LATEST TRANSACTION
- control field: 20240509170414.0
008 - FIXED-LENGTH DATA ELEMENTS
- fixed length control field: 240509|| aca||aabn | a|a d
040 ## - CATALOGING SOURCE
- Original cataloging agency: OSt
- Transcribing agency: OSt
100 ## - HEADING--PERSONAL NAME
- Personal name: Rhou, Yinyoung.
- Relator term: author.
670 ## - SOURCE DATA FOUND
- Source citation: Work cat.: (OSt): Rhou, Yinyoung. author., Does managerial ownership influence franchising in restaurant companies?/, 2019.
